000 00296nam a22001337a 4500
008 181204b xxu||||| |||| 00| 0 eng d
020 _a9780023530203
041 _aeng
080 _23 th
_a070
100 _a28
101 _amed
245 _aInstructional Media
_cMolenda.H
942 _2udc
_cBK
999 _c52822
_d52822